000
00213 a2200097 4500
001
1489
100
_a
Almen, J.O
245
_a
Residual stress & falique in metals
260
_a
_b
Mcgrawhill
_c
090
_c
1032
_d
1032
942
_a
NUST-CAE
_c
M
_c
359
999
_c
236562
_d
236562